| 000 | 00633nam a2200205Ia 4500 | ||
|---|---|---|---|
| 005 | 20250508154025.0 | ||
| 008 | 008 250505s9999 xx 000 0 eng d | ||
| 037 | _aTextual | ||
| 040 |
_aFEDL _beng _cFEDL |
||
| 041 |
_aeng _2eng |
||
| 084 |
_a016.15125, GOH _qFEDL |
||
| 100 |
_aGoheen Howard W _9764886 |
||
| 245 | 0 | _aTest construction mental test theory and statistics 1929+1949 | |
| 260 |
_aWashington, USA _bU.S. Government Printing Office _c1950 |
||
| 300 | _axii,209p. | ||
| 650 | _aBibliography | ||
| 700 |
_a Kavruck Samuel _9764887 |
||
| 942 |
_cTEXL _h016.15125, GOH |
||
| 999 |
_c1347099 _d1347099 |
||